Les villes de la Métropole de Lyon - Statistiques

Statistiques générales
  • Ce quiz a été pris 155 fois
  • Le résultat moyen est 16 sur 58
Statistiques - réponses
Population Ville % Correct
156 928 Villeurbanne
96%
522 250 Lyon
84%
66 363 Vénissieux
84%
43 049 Bron
78%
52 139 Vaulx-en-Velin
70%
48 822 Saint-Priest
68%
43 572 Caluire-et-Cuire
54%
35 882 Meyzieu
48%
22 676 Tassin-la-Demi-Lune
47%
18 361 Écully
44%
20 929 Saint-Genis-Laval
42%
19 360 Saint-Fons
41%
29 731 Décines-Charpieu
40%
31 247 Rillieux-la-Pape
40%
20 654 Givors
39%
8 828 Dardilly
37%
9 850 Feyzin
34%
37 628 Oullins-Pierre-Bénite
34%
21 858 Sainte-Foy-lès-Lyon
34%
15 204 Francheville
33%
10 932 Corbas
28%
3 838 Limonest
28%
13 707 Mions
28%
11 092 Chassieu
26%
11 903 Craponne
25%
5 936 Champagne-au-Mont-d'Or
24%
6 595 La Mulatière
24%
9 851 Grigny
21%
5 900 Saint-Cyr-au-Mont-d'Or
21%
7 265 Saint-Didier-au-Mont-d'Or
19%
6 180 Jonage
18%
9 867 Irigny
17%
3 644 Marcy-l'Étoile
17%
7 721 Neuville-sur-Saône
17%
5 311 Charbonnières-les-Bains
16%
4 517 Collonges-au-Mont-d'Or
15%
4 272 La Tour-de-Salvagny
15%
2 978 Saint-Germain-au-Mont-d'Or
14%
6 858 Sathonay-Camp
14%
3 082 Solaize
13%
4 606 Charly
12%
5 140 Vernaison
12%
7 047 Fontaines-sur-Saône
11%
5 520 Genay
11%
5 300 Saint-Genis-les-Ollières
11%
2 423 Sathonay-Village
11%
2 937 Cailloux-sur-Fontaines
9%
2 452 Couzon-au-Mont-d'Or
8%
1 238 Saint-Romain-au-Mont-d'Or
7%
1 179 Curis-au-Mont-d'Or
6%
1 543 Rochetaillée-sur-Saône
6%
2 991 Albigny-sur-Saône
5%
3 043 Fontaines-Saint-Martin
5%
3 188 Lissieu
5%
3 249 Montanay
5%
1 403 Poleymieux-au-Mont-d'Or
5%
3 549 Quincieux
5%
1 501 Fleurieu-sur-Saône
2%
Aucun quiz correspondant
Distribution des résultats
% des personnes avec chaque résultat
Percentile par nombre de réponses
Votre historique - résultats
Vous n’avez pas pris ce quiz